Government Securities and Debt Management in the 1990s

Guardado en:
Detalles Bibliográficos
Autor principal: Bröker, Günther
Formato: Libro
Lenguaje:inglés
Publicado: Paris OECD 1993
Edición:1. ed.
Materias:
Etiquetas: Agregar Etiqueta
Sin Etiquetas, Sea el primero en etiquetar este registro!

MARC

LEADER 00000nam a2200000 4500
001 c005132
005 20240422074118.2
020 |a 92-64-14011-5 
041 0 |a eng 
044 |a FR 
245 1 0 |a Government Securities and Debt Management in the 1990s  |c Günther Bröker 
250 |a 1. ed. 
264 1 |a Paris  |b OECD  |c 1993 
300 |a 226 s. 
610 2 0 |a vláda 
610 2 0 |a dlhy verejné 
610 2 0 |a dlhy štátne 
610 2 0 |a papiere cenné 
610 2 0 |a trh finančný 
610 2 0 |a manažment 
610 2 0 |a nástroje finančné 
610 2 0 |a technika predaja 
610 2 0 |a obligácie 
610 2 0 |a regulácia trhu 
100 1 |a Bröker, Günther